Sustainability of rubber ecosystem: A case study at RRII farm (Record no. 70065)

MARC details
000 -LEADER
fixed length control field 01172nam a2200169Ia 4500
100 ## - MAIN ENTRY--AUTHOR NAME
Personal name George E.S
245 #0 - TITLE STATEMENT
Title Sustainability of rubber ecosystem: A case study at RRII farm
260 ## - PUBLICATION, DISTRIBUTION, ETC. (IMPRINT)
Name of publisher Rubber Board Bulletin
Year of publication 2012
300 ## - PHYSICAL DESCRIPTION
Number of Pages 13-16
520 ## - SUMMARY, ETC.
Summary, etc A study was conducted to assess the effect of continuous rubber cultivation on soil chemical properties. RRII farm was selected for the study and the soil fertility status of the farm during 1977 and 2009 was compared. The area is well maintained with fertilizer application and other cultural practices. The results indicated that during 32 years under rubber cultivation there was no decline in organic carbon status. An increase in available prosphorus (P), potassium (K) and calcium (Ca) while a decline in magnesium (Mg) and pH was noted in both top (0-30 cm) and bottom (30-60) cm) soil. Results of the study indicated that by following proper agro management practices, soil fertility status can be sustained in rubber plantations.
650 ## - SUBJECT ADDED ENTRY--TOPICAL TERM
Topical Term Rubber cultivation
650 ## - SUBJECT ADDED ENTRY--TOPICAL TERM
Topical Term Rubber ecosystem
700 ## - ADDED ENTRY--PERSONAL NAME
Personal name Jessy M D
700 ## - ADDED ENTRY--PERSONAL NAME
Personal name Nair N.U
942 ## - ADDED ENTRY ELEMENTS (KOHA)
Koha item type Journals
Holdings
Withdrawn status Lost status Damaged status Not for loan Home library Current library Shelving location Date acquired Serial Enumeration / chronology Koha item type
      Journals RRII Library RRII Library Agronomy 09/05/2012 Volume 30, Issue 3 Journals